Delay and disruption in construction contracts. (Record no. 100217)

MARC details
000 -LEADER
fixed length control field 01059cam a2200265 4500
008 - FIXED-LENGTH DATA ELEMENTS--GENERAL INFORMATION
fixed length control field 000000n2000 000 0 eng u
020 ## - INTERNATIONAL STANDARD BOOK NUMBER
International Standard Book Number 1859785085
035 ## - SYSTEM CONTROL NUMBER
System control number (Sirsi) u104158
050 04 - LIBRARY OF CONGRESS CALL NUMBER
Classification number 692.8 $2 18
100 1# - MAIN ENTRY--PERSONAL NAME
Personal name Pickavance, Keith
245 00 - TITLE STATEMENT
Title Delay and disruption in construction contracts.
250 ## - EDITION STATEMENT
Edition statement 2nd ed.
260 ## - PUBLICATION, DISTRIBUTION, ETC.
Place of publication, distribution, etc. London
Name of publisher, distributor, etc. LLP
Date of publication, distribution, etc. 2000
300 ## - PHYSICAL DESCRIPTION
Extent xli, 773p.
Dimensions 25cm.
350 ## - PRICE (NR) (BK AM CF MU VM SE) [OBSOLETE]
Price 160
520 ## - SUMMARY, ETC.
Summary, etc. With editorial assistance from Nicholas Lane and Roy Pickavance. This new edition is updated to cover the 1998 versions of commonly used contracts and recent case law and includes a chapter on the use of computer programmes for delay analysis.
520 ## - SUMMARY, ETC.
Summary, etc. Superseded by third edition (ISBN 1843114267). Supersedes first edition (ISBN 1859781489).
650 ## - SUBJECT ADDED ENTRY--TOPICAL TERM
Topical term or geographic name entry element BUILT ENVIRONMENT-BUILDING CONTRACT FORMS
650 ## - SUBJECT ADDED ENTRY--TOPICAL TERM
Topical term or geographic name entry element CLAIMS
650 ## - SUBJECT ADDED ENTRY--TOPICAL TERM
Topical term or geographic name entry element CONTRACT PROGRAMMES
650 ## - SUBJECT ADDED ENTRY--TOPICAL TERM
Topical term or geographic name entry element DAMAGES
650 ## - SUBJECT ADDED ENTRY--TOPICAL TERM
Topical term or geographic name entry element EXTENSIONS OF TIME
690 ## - LOCAL SUBJECT ADDED ENTRY--TOPICAL TERM (OCLC, RLIN)
Topical term or geographic name as entry element BUILT ENVIRONMENT-CONSTRUCTION MANAGEMENT-BUILDING CONTRACT ADMINISTRATION
942 ## - ADDED ENTRY ELEMENTS (KOHA)
Suppress in OPAC 0
Holdings
Withdrawn status Lost status Source of classification or shelving scheme Damaged status Not for loan Home library Current library Shelving location Date acquired Cost, normal purchase price Total Checkouts Full call number Barcode Date last seen Date last checked out Copy number Cost, replacement price Price effective from Koha item type
    Dewey Decimal Classification     London London Books 18/07/2000 127.50 52 SHELF 205 30061533 06/08/2019 23/04/2008 1 127.50 06/08/2019 Book
    Dewey Decimal Classification     London London Basement 18/08/2000 127.00 44 SHELF 205 30062090 06/08/2019 21/10/2005 2 127.00 06/08/2019 Book